Almighty atom ; the real story of atomic energy /

Bibliographic Details
Main Author: O'Neill, John J. (John Joseph), 1889-
Format: Book
Language:English
Published: New York, N. Y. : I. Washburn, 1945.
Subjects:

MARC

Tag First Indicator Second Indicator Subfields
LEADER 00000cam a2200000 4500
001 in00000047556
005 20151007073407.0
008 770114s1945 nyu 00010 engm
010 |a  45009912  
035 |a (OCoLC)02678439 
035 |9 AAE9641AM 
040 |a DLC  |c GAT  |d GAT  |d TXA  |d UtOrBLW 
049 |a TXAM  |c [129897] 
050 0 0 |a QC173  |b .O5 
082 0 |a 541.2 
092 |a 541.2  |b O58a 
100 1 |a O'Neill, John J.  |q (John Joseph),  |d 1889- 
245 1 0 |a Almighty atom ;  |b the real story of atomic energy /  |c by John J. O'Neill. 
264 1 |a New York, N. Y. :  |b I. Washburn,  |c 1945. 
300 |a 2 pages ., [3]-94 pages ;  |c 27 x 21 cm. 
336 |a text  |b txt  |2 rdacontent 
337 |a unmediated  |b n  |2 rdamedia 
338 |a volume  |b nc  |2 rdacarrier 
500 |a Illustrations and diagrams on page [2] and [3] of cover. 
650 0 |a Atoms. 
650 0 |a Nuclear energy. 
999 |a MARS 
999 f f |s a2763706-29a0-3df6-87cf-ebc59c366514  |i e6224f3c-b7a0-3bd2-ab71-399ac4f4c839  |t 0 
952 f f |p ric  |a Texas A&M University  |b Rellis Campus  |c Joint Library Facility  |d Remote Storage  |t 0  |e QC173 .O5  |h Library of Congress classification  |i unmediated -- volume  |m A14800934989 
998 f f |a QC173 .O5  |t 0  |l Remote Storage